Представление документа в формате RUSMARC

ПолеНазваниеЗначение
  Тип записи a
  Библиографический уровень m
001 Контрольный номер RU/IS/BASE/380202533
005 Дата корректировки 20260213123338.9
010 Индекс ISBN __
a ISBN 978-5-222-18448-6 (в пер.)
d Цена 152-60
100 Данные общей обработки __
a Данные общей обработки 19110523d2011 |||y1rusy0189 ca
101 Язык документа 0_
a Язык текста rus
102 Страна публикации __
a Страна публикации ru
105 Кодированные данные (монография) __
a Кодированные данные (монография) y zzzz000zy
200 Заглавие и сведения об ответственности 1_
a Заглавие Здоровый образ жизни в дошкольном образовательном учреждении
f Первые сведения об ответственности Н. В. Елжова
b Общее обозначение материала Текст
210 Выходные данные 1_
a Место издания Ростов н/Д
c Издательство Феникс
d Дата издания 2011
215 Физическое описание __
a Объем 215, [1] с.
d Формат 21 см
225 Серия 2_
a Серия Сердце отдаю детям
300 Общие примечания __
a Общие примечания На пер. авт. не указ.
320 Библиография __
a Библиография Лит.: с. 211-213
330 Аннотация __
a Аннотация Здоровье является одной из важнейших ценностей человеческой жизни. Но человек устроен так, что не думает о своем здоровье, когда здоров, а начинает беспокоиться, если заболевает. Как научить заботится о своем здоровье ребенка с ранних лет, чтобы здоровый образ жизни стал нормой уже взрослого человека? Забота о здоровье уже становится национальным проектом. Поэтому укрепление и сохранение здоровья - важная задача всех дошкольных учреждений. Программы по дошкольному образованию ставят на первое место укрепление здоровья воспитанников, потому что развивать и обучать можно только здорового ребенка. Каждое дошкольное учреждение накапливает свой опыт работы по охране и сохранению здоровья воспитанников. Своим опытом работы по сохранению здоровья воспитанников автор хочет поделиться с вами.
606 Тематические рубрики __
a Основная рубрика Образование. Педагогика
606 Тематические рубрики __
a Основная рубрика Дошкольная педагогика
610 Ключевые слова 0_
a Ключевые слова дошкольное воспитание; воспитание; виды воспитания; физическое воспитание; афоризмы; здоровье; здоровьесберегающие технологии; духовная литература; нравственность; здоровый образ жизни; культурно-гигиенические навыки; гигиенические процедуры; гигиена одежды; одежда; дети; ребенок; здоровье детей; День здоровья; перспективное планирование; методические материалы; конспекты занятий; дошкольники; правильное дыхание; виды дыхания; дыхание; психическое закаливание; физическая зарядка; гимнастика; массаж; двигательная активность; модели двигательной активности; ДОУ; дошкольные образовательные учреждения; рациональное питание; личная безопасность; правила безопасности; родители; профилактика травматизма; несчастные случаи; профилактика несчастных случаев; оздоровительные кампании; физкультурно-оздоровительная работа; педагогический процесс; перспективные планы; родительские собрания; здоровый образ жизни
686 Индексы других классификаций __
a Классификационный индекс 74.100.55; В74.1
700 Автор _1
a Фамилия Елжова
b Имя Н. В.
g Полное личное имя Наталья Владимировна
801 Источник записи _0
a Страна ru
b Организация Муниципальное бюджетное учреждение культуры "Централизованная библиотечная система" г. Сургут (Центральная городская библиотека им. А. С. Пушкина)
c Дата составления 20110523
g Правила каталогизации КиК/Поспелова
801 Источник записи _1
a Страна ru
b Организация Муниципальное бюджетное учреждение культуры "Централизованная библиотечная система" г. Сургут (Центральная городская библиотека им. А. С. Пушкина)
c Дата составления 20110523
g Правила каталогизации КиК/Поспелова
852 Данные о местонахождении __
j Шифр хранения 74.100.55
i Авторский знак Е 50
901 Тип документа __
t Тип документа m
903 Характеристики (МАРС) __
a Дата передачи 20120118
990 Данные о заказе (DOS) __
j Количество экземпляров (DOS) 10
t N записи в КСУ для И/У (DOS) 201202